Statistics for Premier League Top Assisters

Click here to take the quiz!

General Stats

  • This quiz has been taken 23 times
  • The average score is 16 of 31

Answer Stats

SeasonClub/sNumber of AssistsName% Correct
2022/23Manchester City18Kevin De Bruyne
85%
2019/20Manchester City20Kevin De Bruyne
85%
2017/18Manchester City16Kevin De Bruyne
85%
2016/17Manchester City18Kevin De Bruyne
85%
2021/22Liverpool FC13Mohammed Salah
75%
2002/03Arsenal FC21Thierry Henry
75%
2009/10Chelsea FC16Frank Lampard
70%
2004/05Chelsea FC16Frank Lampard
70%
2020/21Tottenham Hotspur14Harry Kane
70%
2018/19Chelsea FC15Eden Hazard
65%
2006/07Manchester United12Wayne Rooney
65%
2015/16Arsenal FC19Mesut Özil
60%
2008/09Liverpool FC11Steven Gerrard
60%
2014/15Chelsea FC18Cesc Fàbregas
55%
2007/08Arsenal FC20Cesc Fàbregas
55%
2013/14Liverpool FC13Luis Suárez
55%
2000/01Manchester United12David Beckham
50%
1999/00Manchester United15David Beckham
50%
1997/98Manchester United14David Beckham
50%
2001/02Arsenal FC15Robert Pirès
50%
2011/12Manchester City17David Silva
40%
1996/97Manchester United12Eric Cantona
40%
1992/93Leeds United/ Manchester United15Eric Cantona
40%
2012/13Chelsea FC16Juan Mata
40%
1993/94Newcastle United13Andy Cole
35%
1998/99Arsenal FC13Dennis Bergkamp
35%
2005/06Chelsea FC15Didier Drogba
35%
1994/95Southampton FC15Matt Le Tissier
30%
2010/11Manchester United19Nani
15%
2003/04Leicester City14Muzzy Izzet
0%
1995/96Liverpool FC15Steve McManaman
0%

Score Distribution

Percentile by Number Answered

Percent of People with Each Score

Your Score History

You have not taken this quiz